00582nam a2200193 a 450000100100000000500170001000800410002702000150006804000250008308200190010810000440012724500720017126000300024330000250027349000210029865000220031965000260034183000210036700001245320240305135410.0091112s1993 sp 000 f spa d a8420646148 aDO-SdBNPbspacBNPHU aC863.44bG216c1 aGarcía Márquez, Gabriel,b1928-201413aEl coronel no tiene quien le escriba /cGabriel García Márquez. aMadrid :bAlianza,c1993. a95, [1] p. ;c15 cm.1 aAlianza cienv14 4aNovela colombiana 4aLiteratura colombiana 0aAlianza cienv14